=LDR 00000nam 2200000 4500 =001 INLIS000000000002876 =005 20200916085456 =035 ##$$a 0010-061300000002876 =007 ta =008 200916################g##########0#ind## =020 ##$$a 979-518-651-5 =082 ##$$a 302.23 =084 ##$$a 302.23 KUS k =100 ##$$a Kuswandi, Wawan =245 1#$$a Komunikasi massa : $b Sebuah analisis media televisi /$c Kuswandi, Wawan =260 ##$$a Jakarta :$b Rineka cipta,$c 1994 =300 ##$$a xvii,206 hlm : $b Ilus ; $c 21 x 14 cm =650 #4$$a Komunikasi Massa =520 ##$$a Bibliografi : hlm. 205-206 =990 ##$$a DW99002202 =990 ##$$a DW99002203 =990 ##$$a DW99002204 =990 ##$$a DW99002205 =990 ##$$a 119.822/pro.97 =990 ##$$a 00089850 =990 ##$$a 00090204 =990 ##$$a 00091507 =990 ##$$a 119.823/pro.97 =990 ##$$a 104.899 pro.96 =990 ##$$a 49.821/Pro-97 =990 ##$$a 104.898/Pro. 96 =990 ##$$a 104.899 pro.96 =990 ##$$a DW99002202 =990 ##$$a DW99002203 =990 ##$$a DW99002204 =990 ##$$a DW99002205 =990 ##$$a 119.822/pro.97 =990 ##$$a 00090204 =990 ##$$a 00091507 =990 ##$$a 119.823/pro.97 =990 ##$$a 49.821/Pro-97 =990 ##$$a 104.898/Pro. 96 =990 ##$$a 108.205/pb-97 =990 ##$$a DW99002203 =990 ##$$a DW99002204 =990 ##$$a DW99002205 =990 ##$$a 119.822/pro.97 =990 ##$$a 00090204 =990 ##$$a 00091507 =990 ##$$a 119.823/pro.97 =990 ##$$a 104.899 pro.96 =990 ##$$a 49.821/Pro-97 =990 ##$$a 104.898/Pro. 96